Spanish Quiz #3 (Future Tense) - Statistics

General Stats
  • This quiz has been taken 43 times
  • The average score is 9 of 18
Answer Stats
Question Answer % Correct
Yo _______ (querer) viajar a España el próximo verano. querré
83%
Nosotros _______ (sentir) mucha emoción durante el evento. sentiremos
83%
Ella _______ (estudiar) para los exámenes la próxima semana. estudiará
80%
Nosotros _______ (correr) por el parque mañana por la tarde. correremos
75%
Nosotros _______ (trabajar) en un proyecto importante. trabajaremos
75%
Yo _______ (ver) a mis amigos los fines de semana. veré
75%
Ellos _______ (vivir) en una casa nueva el próximo año. vivirán
75%
Yo _______ (leer) muchos libros durante las vacaciones. leeré
71%
¿Quién _______ (cuidar) a tu perro cuando estés de viaje? cuidará
67%
Yo _______ (ser) estudiante en la universidad. seré
67%
¿Tú _______ (trabajar) en una oficina después de la universidad? trabajarás
67%
Ella _______ (ver) la televisión por la noche. verá
67%
Nosotros _______ (ver) una película el fin de semana. veremos
67%
Ella _______ (ir) al gimnasio todos los días este mes. irá
57%
Tú _______ (conocer) a muchas personas en tu nuevo trabajo. conocerás
50%
Tú _______ (dar) un regalo a tu amiga por su cumpleaños. darás
50%
Tú _______ (hablar) con el profesor más tarde. hablarás
50%
Yo _______ (hacer) mi tarea después de la escuela. haré
50%
Tú _______ (preferir) ir al cine en lugar de al teatro. preferirás
50%
Yo _______ (seguir) a mis amigos en las redes sociales. seguiré
50%
Tú _______ (tener) muchas responsabilidades en el futuro. tendrás
50%
Ustedes _______ (escribir) un informe sobre el proyecto. escribirán
43%
Ellos _______ (poner) la mesa para la cena. pondrán
40%
Tú _______ (sentir) mucho frío en invierno. sentirás
40%
Nosotros _______ (venir) a la fiesta a las 8. vendremos
40%
Nosotros _______ (salir) a cenar mañana por la noche. saldremos
38%
Ellos _______ (andar) por el parque todos los días. andarán
33%
Nosotros _______ (comer) en la cafetería mañana. comeremos
33%
Él _______ (venir) de un pueblo pequeño. vendrá
33%
Tú _______ (beber) agua durante todo el día. beberás
25%
Ellos _______ (dormir) en su nueva casa la próxima semana. dormirán
25%
Yo siempre _______ (jugar) al fútbol los domingos. jugaré
20%
Ustedes _______ (traer) sus libros a clase todos los días. traerán
20%
Nosotros _______ (decir) la verdad siempre. diremos
17%
Ellos _______ (oír) música mientras trabajan. oirán
0%
No matching quizzes found
Score Distribution
Percent of People with Each Score
Percentile by Number Answered
Your Score History
You have not taken this quiz